Jak uhasit dračí tlamy a další pohádky ze zvířátkovského lesa /

Hlavní autor: Petrov, Michal, 1965-
Další autoři: Autratová, Iveta, 1964-
Jazyk: Čeština
Vydáno: Praha : No Limits, [2015]
Vydání: Vydání první
Témata:
Fyzický popis: 102 stran : barevné ilustrace ; 19 cm
Knihy
Uloženo v:
LEADER 01594cam a2200445 i 4500
001 nkc20152750066
003 CZ PrNK
005 20160905101727.0
007 ta
008 151015t20152015xr a b 000 f cze d
015 |a cnb002750066 
020 |a 978-80-87973-12-7  |q (vázáno) 
035 |a (OCoLC)946292733 
040 |a ULG001  |b cze  |d ABA001  |e rda 
072 7 |a 821.162.3-3  |x Česká próza  |2 Konspekt  |9 25 
072 7 |a 821-93  |x Literatura pro děti a mládež (beletrie)  |2 Konspekt  |9 26 
080 |a 821.162.3-34  |2 MRF 
080 |a 821-93  |2 MRF 
080 |a (0:82-34)  |2 MRF 
100 1 |a Petrov, Michal,  |d 1965-  |7 osa2013794889  |4 aut 
245 1 0 |a Jak uhasit dračí tlamy a další pohádky ze zvířátkovského lesa /  |c Michal Petrov ; ilustrovala Iveta Autratová 
246 1 4 |a Jak uhasit dračí tlamy 
250 |a Vydání první 
264 1 |a Praha :  |b No Limits,  |c [2015] 
264 4 |c ©2015 
300 |a 102 stran :  |b barevné ilustrace ;  |c 19 cm 
336 |a text  |b txt  |2 rdacontent 
336 |a statický obraz  |b sti  |2 rdacontent 
337 |a bez média  |b n  |2 rdamedia 
338 |a svazek  |b nc  |2 rdacarrier 
655 7 |a české pohádky  |7 fd133970  |2 czenas 
655 7 |a publikace pro děti  |7 fd133156  |2 czenas 
655 9 |a Czech fairy tales  |2 eczenas 
655 9 |a children's literature  |2 eczenas 
700 1 |a Autratová, Iveta,  |d 1964-  |7 jo2012738840  |4 ill 
910 2 |a BOA001  |b 1-1373.434 
920 |a KN3148000000712540  |z ULG001 
990 |a BK 
995 |a 01 
996 6 |b 2610680521  |c 1-1373.434  |l MZK  |r Sklad / do 1 hodiny  |n 0  |p p.v.  |w 001576775  |u 000010  |a 1  |e BOA001  |j MZK50  |s P